Macromoléculas /

Guardado en:
Autor Principal: Paladini, Alejandro C.
Otros Autores: Burachik, Moisés
Formato: Libro
Publicado: Estados Unidos de América : O.e.a., 1968
Materias:
Etiquetas: Agregar Etiqueta
Sin Etiquetas, Sea el primero en etiquetar este registro!
LEADER 00555nam a22002055a 4500
001 CEM.cems004860
005 20060217000000.0
008 130507s1968##################000#0#####d
003 CEMS
082 0 4 |a 541.22 
100 1 |a Paladini, Alejandro C. 
245 1 0 |a Macromoléculas / 
260 |a Estados Unidos de América :  |b O.e.a.,  |c 1968 
300 |a 168 p. 
653 |a Acidos nucleicos 
653 |a Fisicoquímica 
653 |a Proteinas 
653 |a Química 
700 1 |a Burachik, Moisés 
859 |a CEMS  |b BIB. CEMS - 11 de abril  |h 541.22  |i P171  |p 9919.81  |t Ej.1